000 00378nam a2200157 4500
001 46089
090 _a46089
100 _a20260507 pory50
101 _apor
102 _aPT
200 _aCamões no Oriente
_fAna Maria Magalhães, Isabel Alçada
210 _aLisboa
_cFundação Jorge Álvares
_d2026
215 _a139 p.
675 _a82-93
801 _aPT
_gRPC
990 _cLIVROS